书目信息 |
| 题名: |
微机使用速成
|
|
| 作者: | 丁小鹏 编著 | |
| 分册: | ||
| 出版信息: | 北京 中国致公出版社 1994.06 |
|
| 页数: | 222页 | |
| 开本: | 16开 | |
| 丛书名: | ||
| 单 册: | ||
| 中图分类: | TP368 | |
| 科图分类: | ||
| 主题词: | 微型计算机 | |
| 电子资源: | ||
| ISBN: | 7-80096-130-3 | |
| 000 | 00569nam0 2200193 45 | |
| 001 | 0005251638 | |
| 005 | 20000525163105.5 | |
| 010 | @a7-80096-130-3@d14.80元 | |
| 100 | @a20000525d1994 km y0chiy0120 ea | |
| 101 | @achi | |
| 105 | @a z 000yy | |
| 200 | 1 | @a微机使用速成@AWei Ji Shi Yong Su Cheng@f丁小鹏,陈亿健编著@FDing Xiao Peng,Chen Yi Jian Bian Zhu |
| 210 | @a北京@c中国致公出版社@d1994.06 | |
| 215 | @a222页@d16开 | |
| 606 | 0 | @a微型计算机 |
| 690 | @aTP368@v3 | |
| 701 | @a丁小鹏@4编著 | |
| 801 | @aCN@bPftUser@c20000525 | |
| 905 | @f2@b56754-755@dTP368@eD672 | |
| 微机使用速成/丁小鹏,陈亿健编著.-北京:中国致公出版社,1994.06 |
| 222页;16开 |
| ISBN 7-80096-130-3:14.80元 |
| ● |
| 相关链接 |
|
|
|
正题名:微机使用速成
索取号:TP368/D672
 
预约/预借
| 序号 | 登录号 | 条形码 | 馆藏地/架位号 | 状态 | 备注 |
| 1 | 56754 | 200567546 | 期刊室512/301自科库 57排3列3层/ [索取号:TP368/D672] | 在馆 | |
| 2 | 56755 | 200567555 | 期刊室512/301自科库 57排3列3层/ [索取号:TP368/D672] | 在馆 |